000
00299nam a22001217a 4500
020
_a
0-07-065433-6
082
_a
624.17 TUM'H
100
_a
TUMA, JAN J
_9
3085
245
_a
HANDBOOK OF STRUCTURAL AND MECHANICAL MATERIALS
260
_a
NEWYORK
_b
MCGRAW HILL
_c
1987
300
_a
X,556P
942
_c
BK
999
_c
575444
_d
575444